Cours de droit commercial : Actes de commerce, commercants, fonds de commerce, effets de commerce
में बचाया:
| मुख्य लेखक: | |
|---|---|
| स्वरूप: | पुस्तक |
| भाषा: | Undetermined |
| प्रकाशित: |
Paris, Fre
Montchrestien
1995
|
| विषय: | |
| टैग : |
टैग जोड़ें
कोई टैग नहीं, इस रिकॉर्ड को टैग करने वाले पहले व्यक्ति बनें!
|
| Thư viện lưu trữ: | Trung tâm Học liệu Trường Đại học Cần Thơ |
|---|
| LEADER | 00591nam a2200193Ia 4500 | ||
|---|---|---|---|
| 001 | CTU_61624 | ||
| 008 | 210402s9999 xx 000 0 und d | ||
| 082 | |a 346.4407 | ||
| 082 | |b J91/Vol.1 | ||
| 100 | |a Juglart, Michel de | ||
| 245 | 0 | |a Cours de droit commercial : | |
| 245 | 0 | |b Actes de commerce, commercants, fonds de commerce, effets de commerce | |
| 245 | 0 | |c Michel de Juglart et Benjamin Ippolito | |
| 260 | |a Paris, Fre | ||
| 260 | |b Montchrestien | ||
| 260 | |c 1995 | ||
| 650 | |a Commercial law | ||
| 904 | |i Minh,Hải | ||
| 980 | |a Trung tâm Học liệu Trường Đại học Cần Thơ | ||